| 000 | 00000nam 2200000zi 4500 |
| 001 | 9.952557 |
| 003 | CaOODSP |
| 005 | 20250625081234 |
| 006 | m o d f |
| 007 | cr bn||||||||| |
| 008 | 250620s2025 onc ol f000 0 eng d |
| 040 | |aCaOODSP|beng|erda|cCaOODSP |
| 041 | 0 |aeng|afre |
| 043 | |an-cn--- |
| 086 | 1 |aXB451-217/1-PDF |
| 110 | 1 |aCanada. |bParliament. |bHouse of Commons, |eissuing body. |
| 245 | 13|aAn Act to amend the Canada Student Financial Assistance Act and the Income Tax Act = |bLoi modifiant la Loi fédérale sur l’aide financière aux étudiants et la Loi de l’impôt sur le revenu. |
| 246 | 11|aLoi modifiant la Loi fédérale sur l’aide financière aux étudiants et la Loi de l’impôt sur le revenu |
| 246 | 13|iAlternative title : |aPost-Secondary Education Financial Assistance for Persons with Disabilities Act |
| 264 | 1|a[Ottawa] : |bHouse of Commons of Canada = Chambre des communes du Canada, |c2025. |
| 300 | |a1 online resource (ii, 2 pages). |
| 336 | |atext|btxt|2rdacontent |
| 337 | |acomputer|bc|2rdamedia |
| 338 | |aonline resource|bcr|2rdacarrier |
| 490 | 1 |aBill C-... ; |vBill C-217, 1st Session, 45th Parliament |
| 500 | |aCover title. |
| 500 | |a"First Session, Forty-fifth Parliament, 3 Charles III, 2025." |
| 500 | |a"First reading, June 19, 2025." |
| 500 | |a"Mr. Davies." |
| 520 | |a"This enactment provides for financial assistance for Canadians with disabilities to improve their access to post-secondary education"--Summary, page ii. |
| 546 | |aText in English and French. |
| 610 | 10|aCanada. |tIncome Tax Act. |
| 650 | 0|aStudent aid|xLaw and legislation|zCanada. |
| 650 | 0|aCollege students with disabilities|xLaw and legislation|zCanada. |
| 655 | 7|aLegislative bills|2lcgft |
| 788 | |tAn Act to amend the Canada Student Financial Assistance Act and the Income Tax Act = |efre|w(CaOODSP)9.952558 |
| 830 | #0|aBill C-...|vBill C-217, 1st Session, 45th Parliament.|w(CaOODSP)9.500659 |
| 856 | 40|qPDF|s143 KB|uhttps://publications.gc.ca/collections/collection_2025/parl/XB451-217-1.pdf |
| 856 | 4 |qHTML|sN/A|uhttps://www.parl.ca/documentviewer/en/45-1/bill/C-217/first-reading |
| 986 | |a451046 |